Catálogo

La diosa de las Américas : (Registro nro. 61832)

Detalles MARC
000 -LEADER
fixed length control field 01152cam a2200325 i 4500
001 - CONTROL NUMBER
control field 61832
003 - CONTROL NUMBER IDENTIFIER
control field Mx-PuUPA
005 - DATE AND TIME OF LATEST TRANSACTION
control field 20240410104059.0
008 - FIXED-LENGTH DATA ELEMENTS--GENERAL INFORMATION
fixed length control field 141128s2001 mx fr 001 0 spa|d
020 ## - INTERNATIONAL STANDARD BOOK NUMBER
International Standard Book Number 9681104781
040 ## - CATALOGING SOURCE
Original cataloging agency Mx-PuUPA
Language of cataloging spa
Transcribing agency Mx-PuUPA
Modifying agency Mx-PuUPA
Description conventions rda
041 0# - LANGUAGE CODE
Language code of text/sound track or separate title spa
130 0# - MAIN ENTRY--UNIFORM TITLE
Uniform title Goddess of the Americas
245 13 - TITLE STATEMENT
Title La diosa de las Américas :
Remainder of title escritos sobre la virgen de Guadalupe /
Statement of responsibility, etc. Ana Castillo, compiladora ; traducción de Mariela Dreyfus
250 ## - EDITION STATEMENT
Edition statement Primera edición /
Remainder of edition statement mayo
264 #4 - PRODUCTION, PUBLICATION, DISTRIBUTION, MANUFACTURE, AND COPYRIGHT NOTICE
Place of production, publication, distribution, manufacture México, D.F. :
Name of producer, publisher, distributor, manufacturer Plaza y Janés México,
Date of production, publication, distribution, manufacture, or copyright notice 2001
300 ## - PHYSICAL DESCRIPTION
Extent 318 páginas ;
Dimensions 21 cm
336 ## - CONTENT TYPE
Content type term texto
Fuente rdacontent
Content type code txt
337 ## - MEDIA TYPE
Media type term sin medio
Source rdamedia
Media type code n
338 ## - CARRIER TYPE
Carrier type term volumen
Source rdacarrier
Carrier type code nc
490 0# - SERIES STATEMENT
Series statement Colección JAQ
500 ## - GENERAL NOTE
General note "Escritos sobre la Virgen de Guadalupe".-- Cubierta
600 04 - SUBJECT ADDED ENTRY--PERSONAL NAME
Personal name Virgen de Guadalupe
General subdivision Historia
Geographic subdivision América Latina
700 1# - ADDED ENTRY--PERSONAL NAME
Personal name Castillo, Ana,
Relator term compilador
700 1# - ADDED ENTRY--PERSONAL NAME
Personal name Dreyfus, Mariela,
Relator term traductor
765 08 - ORIGINAL LANGUAGE ENTRY
Main entry heading Castillo, Ana,
Title Goddess of the Americas
942 ## - ADDED ENTRY ELEMENTS (KOHA)
Source of classification or shelving scheme Dewey Decimal Classification
Koha item type Libro
Classification part 232.917
Item part D588
Existencias
Withdrawn status Lost status Source of classification or shelving scheme Damaged status Not for loan Collection code Home library Current library Shelving location Date acquired Source of acquisition Total Checkouts Full call number Barcode Date last seen Copy number Price effective from Koha item type
    Dewey Decimal Classification     General Centro de Estudios Guadalupanos Centro de Estudios Guadalupanos Sala general 03/12/2013 Compra   232.917 D588 2001 47857 05/01/2026 Ej.2 03/12/2013 Libro
    Dewey Decimal Classification     General Centro de Estudios Guadalupanos Centro de Estudios Guadalupanos Sala general 28/11/2014 Compra   232.917 D588 2001 92822 05/01/2026   28/11/2014 Libro